000 00420nam a2200181Ia 4500
001 16506
005 20260306170314.0
008 260306t2007||||xx |||||||||||||| ||und||
041 _aESP
082 _a348.6
_bP13
100 _aPacheco Zerga, Luz
_eAUT
245 0 _aLa dignidad humana en el derecho del trabajo
260 _c2007
300 _a
_c
650 _aGEN
654 _aCDE
942 _cLIB
_dJUS
_fJUS
_2ddc
_n
999 _c16506
_d16506